000
00326nam a22001457a 4500
008
210312b ||||| |||| 00| 0 eng d
020
_a
9781455772551
041
_a
eng
080
_2
8th
_a
617
082
_a
617
100
_a
5
101
_a
KIR
245
_a
Medical Surgical Nursing
_c
Ignatavicius, D. D
942
_2
udc
_c
BK
999
_c
56480
_d
56480